000 004580000a22001570004500
090 _aAR
_b00846
245 1 0 _aLista de las aves del Parque Nacional Tayrona
650 1 4 _aAves
_992429
650 1 4 _aInventarios de aves
_96278
650 1 4 _aOrnitología
_993189
651 4 _lParque Nacional Natural Tayrona
_dMagdalena
_pColombia
_992749
041 0 _aEspañol
100 1 _aHoffman, Forrest M.
_992960
942 _cARTICULO
_01
773 1 _tPreprint
_33
_q1-4
_d1986
999 _c9934
_d9934